000 00496cam a2200157 4500500
005 20260405000455.0
041 _afre
042 _adc
100 1 0 _aJeancourt-Galignani, Oriane
_eauthor
245 0 0 _aMichel Leeb, homme-orchestre
260 _c2007.
500 _a20
690 _aMichel Leeb
786 0 _nPhilosophie magazine | 11 | 7 | 2007-07-01 | p. 58-58 | 1951-1787
856 4 1 _uhttps://shs.cairn.info/magazine-philosophie-magazine-2007-7-page-58?lang=fr&redirect-ssocas=7080
999 _c2037476
_d2037476